000 00295nam a2200145Ia 4500
100 _aLINUX
942 _cRB
654 _alinux
245 _aLinux Made Easy
260 _bObsorne/ McGraw - Hill
_aBerkeley
_c1990
082 _a5.13
_bLIN
300 _a1004
546 _aENGLISH
999 _c34081
_d34081